| 000 | 02682cam a2200625 4500 | ||
|---|---|---|---|
| 999 |
_c371264 _d371264 |
||
| 001 | 751387363 | ||
| 003 | DE-627 | ||
| 005 | 20220104130552.0 | ||
| 007 | tu | ||
| 008 | 130709s2014 gw ||||| 10| ||eng c | ||
| 020 | _a3412221279 | ||
| 020 | _a9783412221270 | ||
| 035 | _a(DE-627)751387363 | ||
| 035 | _a(DE-599)GBV751387363 | ||
| 035 | _a(OCoLC)887888701 | ||
| 040 |
_aDE-627 _bger _cDE-627 _erda _dDE-2950 |
||
| 041 |
_aeng _ager |
||
| 044 |
_cXA-DE _cXA-AT |
||
| 082 | 0 |
_a940 _223sdnb |
|
| 082 | 0 |
_a307.760940903 _222/ger |
|
| 082 | 0 |
_a300 _a940 _223sdnb |
|
| 082 | 0 | 4 |
_a300 _a940 _qDNB |
| 084 |
_a9,10 _2ssgn |
||
| 084 |
_aNR 1800 _qBVB _2rvk _0(DE-625)rvk/129177: |
||
| 084 |
_aNR 1810 _qBSZ _2rvk _0(DE-625)rvk/129178: |
||
| 084 |
_a21.73 _2bkl |
||
| 084 |
_a71.14 _2bkl |
||
| 084 |
_a15.45 _2bkl |
||
| 111 | 2 |
_aCommission Internationale l'Histoire des Villes _gVeranstaltung _d2012 _cPrag _jVerfasserIn _0(DE-588)1153147580 _0(DE-627)1014569265 _0(DE-576)500104018 _4aut |
|
| 245 | 1 | 0 |
_aCities and their spaces : _bconcepts and their use in Europe / _cherausgegeben von Michel Pauly und Martin Scheutz |
| 264 | 1 |
_aKöln; _aWeimar; _aWien: _bBöhlau Verlag, _c2014. |
|
| 300 |
_aX, 324 Seiten: _bIllustrationen, Karten. |
||
| 336 |
_aText _btxt _2rdacontent |
||
| 337 |
_aohne Hilfsmittel zu benutzen _bn _2rdamedia |
||
| 338 |
_aBand _bnc _2rdacarrier |
||
| 490 | 1 |
_aStädteforschung _aReihe A, Darstellungen ; _vBand 88 |
|
| 500 | _aMit Tabellen | ||
| 500 | _aBeiträge der Tagungen vom 7. bis 11.September 2011 in Sibiu/Hermannstadt und vom 2. bis 6. September 2012 in Prag | ||
| 500 | _aLiteraturangaben | ||
| 546 | _aBeiträge teilweise englisch, teilweise deutsch | ||
| 655 | 7 |
_aAufsatzsammlung _0(DE-588)4143413-4 _0(DE-627)105605727 _0(DE-576)209726091 _2gnd-content |
|
| 655 | 7 |
_aKonferenzschrift _0(DE-588)1071861417 _0(DE-627)826484824 _0(DE-576)433375485 _2gnd-content |
|
| 951 | _aBO | ||
| 700 | 1 |
_aPauly, Michel _d1952- _eHerausgeberIn _0(DE-588)131758454 _0(DE-627)688152066 _0(DE-576)169324095 _4edt |
|
| 700 | 1 |
_aScheutz, Martin _d1967- _eHerausgeberIn _0(DE-588)136222218 _0(DE-627)577725165 _0(DE-576)177156856 _4edt |
|
| 711 | 2 |
_aCommission Internationale l'Histoire des Villes _gVeranstaltung _d2011 _cHermannstadt _jVerfasserIn _0(DE-588)1153147432 _0(DE-627)1014569052 _0(DE-576)500104085 _4aut |
|
| 830 | 0 |
_aStädteforschung / A _vBand 88 _988 _w(DE-627)130159506 _w(DE-576)015701735 _w(DE-600)517592-6 _x2748-4564 |
|
| 856 | 4 | 2 |
_uhttp://d-nb.info/1054623090/04 _mB:DE-101 _qpdf/application _v20141001030501 _3Inhaltsverzeichnis |
| 936 | r | v | _aNR 1800 |
| 936 | r | v | _aNR 1810 |
| 936 | b | k | _a21.73 |
| 936 | b | k | _a71.14 |
| 936 | b | k | _a15.45 |
| 942 |
_2z _cB |
||